Online társkeresők megjelenése az új médiában

Bibliographic Details
Main Author: Vékási Virág
Other Authors: Zelena Dr. András
Format: Thesis
Kulcsszavak:Digitális média
Online társkereső
Catfish jelenség
Társkeresés
Új média
Online Access:http://dolgozattar.uni-bge.hu/20584

MARC

LEADER 00000nta a2200000 i 4500
001 dolg20584
005 20200605191700.0
008 190506suuuu hu om 000 hun d
040 |a BGE Dolgozattár Repozitórium  |b hun 
041 |a hu 
100 1 |a Vékási Virág 
245 1 0 |a Online társkeresők megjelenése az új médiában  |c Vékási Virág  |h [elektronikus dokumentum] 
246 1 1 |a Online társkeresők megjelenése az új médiában 
695 |a Digitális média 
695 |a Online társkereső 
695 |a Catfish jelenség 
695 |a Társkeresés 
695 |a Új média 
700 1 |a Zelena Dr. András  |e ths 
856 4 0 |u http://dolgozattar.uni-bge.hu/20584/1/SZAKDOLGOZAT%21%21%21-ve%CC%81gleges_javi%CC%81tottVe%CC%81ka%CC%81siVira%CC%81g.pdf  |z Dokumentum-elérés